Essence : the magazine for todays black woman

محفوظ في:
التفاصيل البيبلوغرافية
التنسيق: كتاب
اللغة:Undetermined
منشور في: New York Essence Communications Inc. 2019
الموضوعات:
الوسوم: إضافة وسم
لا توجد وسوم, كن أول من يضع وسما على هذه التسجيلة!
Thư viện lưu trữ: Trung tâm Học liệu Trường Đại học Cần Thơ
LEADER 00466nam a2200157Ia 4500
001 CTU_234230
008 210402s9999 xx 000 0 und d
082 |a 646.704 
082 |b E78 
245 0 |a Essence : 
245 4 |b the magazine for todays black woman 
260 |a New York 
260 |b Essence Communications Inc. 
260 |c 2019 
650 |a African American women,Phụ nữ Mỹ gốc Phi 
980 |a Trung tâm Học liệu Trường Đại học Cần Thơ